000 00616nam a2200193Ia 4500
003 OSt
005 20240529164249.0
008 210210b1944 xxu||||| |||| 00| 0 eng d
040 _cAL
041 _aKannada
082 _a852/314
100 _aNARASINGA RAYA
_9158879
_d ನರಸಿಂಗ ರಾಯ
245 _aArpane Gandhijiya Eppathaidane Janmostava
_bಅರ್ಪಣೆ ಗಾಂಧೀಜಿಯ ಎಪ್ಪತೈದನೇ ಜನ್ಮೋತ್ಸವ
260 _aMaisuru
_b-
_c1944
650 _a75th anniversary
_9168469
690 _aKannada Prose
_9158880
906 _a018884
942 _2ddc
_cBK
999 _c142680
_d142680